000 00410nam a2200157Ia 4500
008 210716s2011 xx 000 0 und d
020 _a9780071333672
041 _aeng
082 _a658.8 RIXP
100 _aRix, Peter.
245 _aMarketing: a practical approach.
250 _a6
260 _aNew Delhi
_bTata McGraw Hill Education Private Limited
_c2011
300 _axxvii;587
650 _aMarketing
999 _c208054
_d208054